| 000 | 00939nam a22002652 4500 | ||
|---|---|---|---|
| 001 | 0000025251 | ||
| 005 | 20151217145955.0 | ||
| 008 | 150330s xx 000 0 eng d | ||
| 020 | _a9350282305 : | ||
| 040 |
_aKABU _cKABU |
||
| 245 | 1 | 0 |
_aS.D. Singh's judgements and how to write them / _crevised by R. Prakash. |
| 250 | _a 4th ed. | ||
| 260 |
_aLucknow : _bEastern Book Company, _c2005. |
||
| 300 | _axxxii, 183 p. | ||
| 650 | 0 |
_aJudgements _zIndia. _@0000185752 |
|
| 650 | 0 |
_ajudgements _vForms _zIndia. _@0000185753 |
|
| 700 | 1 |
_aPrakash, R. _@0000185754 |
|
| 700 | 1 |
_aBeri, Bhagwati Prasad. _@0000185755 |
|
| 852 | 1 | _9p3000 KES | |
| 852 | 1 | _9p3000 KES | |
| 852 | 1 | _9p3000 KES | |
| 852 | 1 | _9p3000 KES | |
| 908 | _a150330 | ||
| 950 | _@1 | ||
| 999 |
_c4659 _d4659 |
||